[Event "FIN-chT 9798"]
[Site "Finland"]
[Date "1997.??.??"]
[Round "2"]
[White "Saastamoinen, Aarne"]
[Black "Issakainen, Ari"]
[Result "1-0"]
[WhiteElo "2175"]
[BlackElo "2265"]

1.e4 c5 2.Nf3 e6 3.d4 cxd4 4.Nxd4 Nc6 5.Nb5 d6 6.c4 Nf6 7.N1c3 a6 8.Na3 b6
9.Be2 Bb7 10.Nc2 Qc7 11.Ne3 Ne5 12.f3 Be7 13.O-O Ng6 14.Bd3 Bc6 15.a3 O-O
16.Qe1 Nf4 17.Bc2 d5 18.Kh1 d4 19.e5 Nd7 20.Ng4 Nxg2 21.Kxg2 dxc3 22.Qxc3 Rfd8
23.Qe3 Rac8 24.Qf4 b5 25.Rg1 Bc5 26.Nh6+ gxh6 27.Bxh7+ Kxh7 28.Qxh6+ Kg8
29.Be3 Bxe3 30.Kh3+  1-0

[Event "Frydek-Mistek op (Women)"]
[Site "Frydek-Mistek"]
[Date "1997.??.??"]
[Round "4"]
[White "Sarana, Oksana"]
[Black "Blimke, Dalia"]
[Result "1/2-1/2"]
[WhiteElo "2205"]
[BlackElo "2105"]

1.e4 c5 2.Nf3 e6 3.d4 cxd4 4.Nxd4 Nc6 5.Nb5 d6 6.c4 Nf6 7.N1c3 Be7 8.Be2 b6
9.O-O Bb7 10.Be3 O-O 11.Kh1 a6 12.Na3 Nb4 13.Nc2 d5 14.cxd5 exd5 15.Nxb4 Bxb4
16.Nxd5 Nxd5 17.exd5 Bxd5 18.Qa4 Bc5 19.Rfd1 Bxe3 20.Bf3 Qe8 21.Qxe8 Raxe8
22.Bxd5 Bxf2 23.Rf1 Bd4 24.Rab1 a5 25.a4 Bc5 26.b3 g6 27.Rf6 Bd4 28.Rd6 Rd8
29.Rxd8  1/2-1/2

[Event "BL2-S9697"]
[Site "Germany"]
[Date "1997.??.??"]
[Round "?.3"]
[White "Schmidt Schaeffer, Sebastian"]
[Black "Escher, Thomas"]
[Result "1/2-1/2"]
[WhiteElo "2395"]
[BlackElo "2235"]

1.e4 c5 2.Nf3 e6 3.d4 cxd4 4.Nxd4 Nc6 5.Nb5 d6 6.c4 Nf6 7.N1c3 a6 8.Na3 Be7
9.Be2 O-O 10.O-O b6 11.Be3 Bb7 12.Qb3 Nd7 13.Rac1 Nc5 14.Qd1 Re8 15.Qd2 Ne5
16.f3 Rc8 17.Nc2 Ncd7 18.b3 Nf6 19.Rfd1 Qc7 20.Nd4 Qb8 21.Kh1 Bd8 22.Nc2 Bc7
23.Bg5 Ned7 24.Ne3 h6 25.Bf4 Ne5 26.Bg3 Nh5 27.Bf2 Ng6 28.Bg1 Rcd8 29.Ng4 Nhf4
30.Ne3 d5 31.cxd5 exd5 32.exd5 Nxe2 33.Nxe2 Nf4 34.Nc3 b5 35.Qc2 Bb6 36.Ne4 Nxd5
37.Nxd5 Bxd5 38.Bxb6 Qxb6 39.Re1 Rc8 40.Qd1 Rxc1 41.Qxc1 Bxe4 42.Rxe4 Rxe4
43.fxe4 Qe6 44.h3 g5 45.Kg1 Kh7 46.Qe3 Qe5 47.Qa7 Qa1+  1/2-1/2

[Event "Landesliga Sued 9697 Bayern"]
[Site "Germany"]
[Date "1997.??.??"]
[Round "?"]
[White "Schneider, Roland"]
[Black "Galow, Wolfgang"]
[Result "1-0"]
[WhiteElo "2020"]
[BlackElo "1950"]

1.e4 c5 2.Nf3 e6 3.d4 cxd4 4.Nxd4 Nc6 5.Nb5 d6 6.c4 a6 7.N5c3 Nf6 8.Be2 b6
9.Na3 Bb7 10.Be3 Be7 11.O-O Qc7 12.Rc1 Ne5 13.f3 O-O 14.Qd2 Rac8 15.Rfd1 Rfd8
16.Bf1 d5 17.cxd5 Neg4 18.fxg4 Nxg4 19.d6 Bxd6 20.Nd5 Bxh2+ 21.Kh1 Qg3 22.Rxc8 Rxc8
23.Ne7+ Kf8 24.Nxc8 Bd5 25.Qb4+ Kg8 26.Ne7+ Kh8 27.Qxb6 g6 28.Qd8+ Kg7 29.Qg8+ Kf6
30.Nxd5+ exd5 31.Qh8+ Ke6 32.exd5+ Kd7 33.Bb6 Nf2+ 34.Bxf2 Qxf2 35.Kxh2 Qf4+
36.g3 Qf2+  1-0

[Event "BL2-W9697"]
[Site "Germany"]
[Date "1997.??.??"]
[Round "?.7"]
[White "Matthaei, Alexander"]
[Black "Wolter, Kai"]
[Result "1-0"]
[WhiteElo "2385"]
[BlackElo "2290"]

1.e4 c5 2.Nf3 e6 3.d4 cxd4 4.Nxd4 Nc6 5.Nb5 d6 6.c4 Nf6 7.N1c3 a6 8.Na3 b6
9.Nc2 Be7 10.Ne3 O-O 11.Be2 Bb7 12.O-O Nb8 13.f3 Nbd7 14.Qd2 Qc7 15.b3 Rac8
16.Bb2 Qb8 17.Rad1 Rfe8 18.Kh1 Bf8 19.Bd3 Red8 20.Qf2 Qc7 21.Qg3 Qc5 22.f4 Qc7
23.b4 Kh8 24.Qh4 e5 25.Ncd5 Bxd5 26.exd5 e4 27.Bb1 Re8 28.a4 Qd8 29.Rc1 g6
30.f5 Bg7 31.g4 Ne5 32.g5 Nfd7 33.f6 Bf8 34.Bxe4 b5 35.cxb5 Rxc1 36.Rxc1 Qb6
37.Nc2 axb5 38.a5 Qa7 39.Nd4 Nc4 40.Bc3 Nde5 41.Qf4 Qd7 42.Rg1 Kg8 43.Rg3 Rc8
44.Bg2 Qe8 45.Qe4 Rc7 46.h4 h5 47.Nc6 Rc8 48.Bf1 Nxc6 49.Qxe8 Rxe8 50.dxc6 d5
51.Rd3 Rc8 52.Bg2 Rxc6 53.Bxd5 Rc7 54.a6 Ra7 55.Bb7 Nd6 56.Bd4 Rxb7 57.axb7 Nxb7
58.Bc3 Nd6 59.Rd5 Nf5 60.Be1  1-0

[Event "Landesliga Nord 9697 Bayern"]
[Site "Germany"]
[Date "1997.??.??"]
[Round "?"]
[White "Kreuzer, Martin"]
[Black "Kunz, Konstantin"]
[Result "1-0"]
[WhiteElo "2340"]
[BlackElo "2290"]

1.e4 c5 2.Nf3 e6 3.d4 cxd4 4.Nxd4 Nc6 5.Nb5 d6 6.c4 Nf6 7.N1c3 a6 8.Nd4 Qc7
9.Be2 Be7 10.O-O O-O 11.Be3 Ne5 12.Rc1 Ned7 13.f4 b6 14.f5 e5 15.Nd5 Nxd5
16.cxd5 Nc5 17.Nf3 a5 18.Nd2 Qd8 19.b3 Rb8 20.a3 Bg5 21.Bxg5 Qxg5 22.Rc3 Nd7
23.Qc2 Qe7 24.Bb5 Nf6 25.Rc7 Qd8 26.Qc6 g6 27.fxg6 hxg6 28.h3 Nh5 29.Qc3 Nf4
30.Kh2 Qg5 31.Rf2 Nh5 32.Nc4 Qh4 33.Qf3 Nf4 34.Nxd6 Bxh3 35.gxh3 Nxh3 36.Qg3 Qd8
37.Rfxf7 Rxf7 38.Qxg6+  1-0

[Event "Oberliga Nord N9798"]
[Site "Germany"]
[Date "1997.??.??"]
[Round "?"]
[White "Mordhorst, Henning"]
[Black "Berger, Steve"]
[Result "0-1"]
[WhiteElo "2275"]
[BlackElo "2075"]

1.e4 c5 2.Nf3 Nc6 3.d4 cxd4 4.Nxd4 e6 5.Nb5 d6 6.Bf4 e5 7.Be3 Nf6 8.N1c3 a6
9.Na3 b5 10.Nd5 Nxd5 11.Qxd5 Bb7 12.c3 Na5 13.Qd3 d5 14.b4 Nc4 15.Nxc4 bxc4
16.Qd1 d4 17.cxd4 Bxb4+ 18.Bd2 Bxd2+ 19.Qxd2 Qxd4 20.Qxd4 exd4 21.Bxc4 Bxe4
22.f3 Bg6 23.Rd1 Rd8 24.Bxa6 O-O 25.Bd3 Rfe8+ 26.Kf2 Rb8 27.Bc4 Rb2+ 28.Kg3 Rd8
29.Rhe1 h5 30.Re2 Rxe2 31.Bxe2 d3 32.Rd2 Kh7 33.Kf2 Rc8 34.Bd1 Rc1 35.Bb3 h4
36.h3 Kh6 37.Ke3 Kg5 38.a4 Re1+ 39.Kd4 Re2 40.Kc3 Kf4 41.a5 Ke3 42.Rd1 Kf2
43.a6 Re7 44.Rd2+ Ke3 45.Ra2 Rc7+ 46.Kb4 d2 47.Ka5 Bd3 48.Kb6 Rc3 49.Ba4 Bxa6
50.Kxa6 Rc1 51.Ra3+ Ke2 52.f4 d1=Q 53.Bxd1+ Rxd1 54.g3 Rd3 55.Ra2+ Ke3 56.gxh4 Kxf4
57.Ra4+ Kf5 58.Rg4 g6 59.h5 g5 60.Rg2 Rxh3 61.Rf2+ Ke6 62.Re2+ Kf6 63.Kb5 Rxh5
64.Kc4 Rh3 65.Kd4 g4 66.Rf2+ Rf3 67.Rxf3+ gxf3 68.Ke3 Ke5 69.Kxf3 Kf5 70.Kf2 Kf4
71.Kf1 Kf3 72.Ke1  0-1

[Event "NRW-Liga 9798"]
[Site "Germany"]
[Date "1997.??.??"]
[Round "2"]
[White "Meijers, Viesturs"]
[Black "Wolter, Kai"]
[Result "1-0"]
[WhiteElo "2445"]
[BlackElo "2270"]

1.e4 c5 2.Nf3 e6 3.d4 cxd4 4.Nxd4 Nc6 5.Nb5 d6 6.c4 Nf6 7.N5c3 Be7 8.Be2 O-O
9.O-O b6 10.Be3 Bb7 11.f4 d5 12.e5 d4 13.exf6 Bxf6 14.Bf2 dxc3 15.Nxc3 Nd4
16.Bd3 g6 17.Qg4 Nf3+ 18.gxf3 Qxd3 19.c5 Bxf3 20.Qg3 Be2 21.Qxd3 Bxd3 22.Rfd1 Bf5
23.cxb6 axb6 24.a4 Rfb8 25.Rd6 b5 26.a5 b4 27.Nd1 b3 28.a6 Bc2 29.a7 Rc8
30.Ra4 h5 31.Rd7 Kg7 32.Rb4 Bxd1 33.Rxd1 Rc7 34.Rxb3 Raxa7 35.Bxa7 Rxa7 36.Rb5 Ra4
37.b4 Bc3 38.Rb1 Ra2 39.Rb7 Bd4+ 40.Kh1 Rf2 41.Rc7 Rxf4 42.Rc4 e5 43.b5 Kf6
44.b6 Bxb6 45.Rxb6+ Kg5 46.Rxf4 exf4 47.Kg2 Kf5 48.Kf3 g5 49.Rb5+ Kg6 50.Ke4 f6
51.h3 h4 52.Rb6 g4 53.hxg4 Kg5 54.Kf3  1-0

[Event "SWE-ch"]
[Site "Haninge"]
[Date "1997.??.??"]
[Round "5"]
[White "Ernst, Thomas"]
[Black "Degerman, Lars"]
[Result "0-1"]
[WhiteElo "2405"]
[BlackElo "2480"]

1.e4 c5 2.Nf3 Nc6 3.d4 cxd4 4.Nxd4 e6 5.Nb5 d6 6.c4 Nf6 7.N1c3 a6 8.Na3 Be7
9.Be2 b6 10.O-O Bb7 11.Be3 Nb8 12.Qd4 Nbd7 13.Rfd1 Qc7 14.Rac1 O-O 15.Kh1 Rfe8
16.f3 Rad8 17.Bg1 Qb8 18.Bf1 Bf8 19.Nc2 h6 20.b4 d5 21.cxd5 exd5 22.exd5 Bd6
23.Ne3 Be5 24.Qd3 b5 25.Ne4 Bf4 26.Rc2 Nxe4 27.fxe4 Nf6 28.Be2 Nxe4 29.Bf3 Ng5
30.Nf5 Nxf3 31.Qxf3 Qe5 32.Qg4 g6 33.Rf2 Qxf5 34.Qxf5 gxf5 35.Rxf4 Rxd5 36.Rxd5 Bxd5
37.Rxf5 Bxa2 38.Rf6 Bd5 39.Rxh6 Re2 40.Bd4 Re1+ 41.Bg1 Re2 42.Bd4 Re1+ 43.Bg1 Rb1
44.Rd6 Be4 45.Rd8+ Kh7 46.Rd4 f5 47.h3 Kg6 48.Rd6+ Kg5 49.Rxa6 Rb2 50.Be3+ f4
51.h4+ Kg4 52.Bc5 Bxg2+ 53.Kg1 Be4 54.Re6 Kg3 55.Kf1 Bf3 56.Ke1 Bg4 57.Rg6 Re2+
58.Kf1 Rd2 59.Rd6 Rh2 60.Rd3+ Bf3 61.Ke1 Kg4 62.Rd4 Rxh4 63.Kd2 Kf5 64.Rd8 Rh2+
65.Kc3 Be2 66.Rf8+ Ke5 67.Re8+ Kd5 68.Rd8+ Ke6 69.Kd4 Bh5 70.Rd6+ Kf5 71.Rd5+ Kg4
72.Ke5 Bf7 73.Rd4 Rh5+ 74.Kd6 Bc4 75.Kc6 Rf5 76.Kb6 Kg3 77.Rd2 f3 78.Bd6+ Kg4
79.Bc5 Be2 80.Bf2 Kh3 81.Rd8 Kg2 82.Bd4 f2 83.Rg8+ Kf3 84.Bxf2 Kxf2 85.Rc8 Ke3
86.Ka5 Kd4 87.Rh8 Kc3 88.Rc8+ Bc4 89.Rh8 Rf2 90.Rh3+ Bd3 91.Rh4 Re2 92.Rg4 Re3
93.Rh4 Kb3 94.Rh8 Re1 95.Rh4 Rc1 96.Rg4 Ra1+ 97.Kb6 Bc4 98.Kc5 Rd1 99.Rg3+ Ka4
100.Rg5 Rb1 101.Rg7 Rxb4 102.Ra7+ Kb3 103.Rb7 Ra4 104.Rh7 Ra1 105.Rh3+ Ka4
106.Rh7 Rg1 107.Ra7+ Kb3 108.Rb7 Rg5+ 109.Kd4 Rd5+ 110.Ke4 Rd8 111.Rb6 Kc3
112.Ke3 b4 113.Ke4 b3  0-1

[Event "BCF-ch"]
[Site "Hove"]
[Date "1997.??.??"]
[Round "10"]
[White "Hinks Edwards, Thom"]
[Black "Crouch, Colin S"]
[Result "0-1"]
[WhiteElo "2255"]
[BlackElo "2375"]

1.e4 c5 2.Nf3 e6 3.d4 cxd4 4.Nxd4 Nc6 5.Nb5 d6 6.c4 Nf6 7.N1c3 a6 8.Na3 Be7
9.Be2 O-O 10.O-O b6 11.Be3 Rb8 12.Qd2 Bb7 13.Rfd1 Ne5 14.f3 Qc7 15.Rac1 Ba8
16.Qe1 Rfd8 17.Qf2 Qb7 18.Qg3 Ng6 19.Bf1 Kh8 20.Nc2 Ne5 21.Nd4 Rg8 22.f4 Neg4
23.f5 Nxe3 24.Qxe3 e5 25.Nc2 d5 26.Qg3 Bc5+ 27.Kh1 d4 28.Nd5 Nxe4 29.Qe1 Nf6
30.Qxe5 Rge8 31.Qf4 Nxd5 32.cxd5 Qxd5 33.Nxd4 Rbd8 34.Ne6 Qxd1 35.Rxd1 Rxd1
36.Nxc5 bxc5 37.Kg1 Rb1 38.f6 Rxb2 39.Qg5 g6 40.h4 Re1  0-1

[Event "Krasnodar op"]
[Site "Krasnodar"]
[Date "1997.??.??"]
[Round "?"]
[White "Brodsky, Michail"]
[Black "Driamin, Dmitrij"]
[Result "1/2-1/2"]
[WhiteElo "2515"]
[BlackElo "2235"]

1.e4 c5 2.Nf3 e6 3.d4 cxd4 4.Nxd4 Nc6 5.Nb5 d6 6.c4 Nf6 7.N1c3 a6 8.Na3 Be7
9.Be2 O-O 10.Be3 b6 11.O-O Ne5 12.f4 Ned7 13.Bf3 Bb7 14.Qe2 Qc7 15.Rac1 Rac8
16.Bf2 h6 17.Kh1 Qb8 18.Bg3 Bc6 19.Rfe1 Nh7 20.Nc2 Bf6 21.Ne3 b5 22.cxb5 Bxb5
23.Qd2 Nc5 24.Nxb5 axb5 25.Ng4 Be7 26.h3 h5 27.Nf2 h4 28.Bh2 Nf6 29.Qe2 Qa7
30.b3 Rcd8 31.Bg1 Qa5 32.Red1 e5 33.Bh2 exf4 34.Bxf4 Ne6 35.Be3 b4 36.Rc2 d5
37.e5  1/2-1/2

[Event "Krasnodar op"]
[Site "Krasnodar"]
[Date "1997.??.??"]
[Round "?"]
[White "Petrushin, Alexander I"]
[Black "Poluljahov, Aleksandr"]
[Result "1-0"]
[WhiteElo "2415"]
[BlackElo "2510"]

1.e4 c5 2.Nf3 e6 3.d4 cxd4 4.Nxd4 Nc6 5.Nb5 d6 6.c4 Nf6 7.N1c3 a6 8.Na3 b6
9.Be2 Bb7 10.O-O Nb8 11.f3 Nbd7 12.Be3 Be7 13.Qe1 O-O 14.Qg3 Re8 15.Rfd1 Rc8
16.Rac1 Qc7 17.Bd4 Qb8 18.Nab1 Bc6 19.a3 Nh5 20.Qf2 Bd8 21.Nd2 Ba8 22.Bf1 Nhf6
23.Kh1 Bc7 24.Qh4 Ne5 25.Bg1 Kh8 26.b4 Bd8 27.Qf2 Rc6 28.Be2 Ned7 29.Qf1 Be7
30.Nb3 h6 31.Rb1 Kg8 32.a4 Bb7 33.a5 b5 34.Nd4 Rcc8 35.cxb5 Rxc3 36.bxa6 Ba8
37.b5 Nc5 38.b6 Ra3 39.b7 Qd8 40.bxa8=Q Qxa8 41.Nb5 Rxa5 42.Nc7 Qc8 43.Nxe8 Nxe8
44.Ra1 Bd8 45.Bb5 Rxa1 46.Rxa1 Nc7 47.Bxc5 dxc5 48.Bc6  1-0

[Event "Linares Mex"]
[Site "Linares"]
[Date "1997.??.??"]
[Round "8"]
[White "Juarez Flores, Gustavo E"]
[Black "Pineda, Boris"]
[Result "0-1"]
[WhiteElo "2275"]
[BlackElo "2245"]

1.e4 c5 2.Nf3 Nc6 3.d4 cxd4 4.Nxd4 e6 5.Nb5 d6 6.c4 Nf6 7.N1c3 a6 8.Na3 Be7
9.Be2 O-O 10.O-O b6 11.Nc2 Bb7 12.b3 Rc8 13.Bb2 Ne5 14.f3 Ng6 15.Qd2 Qc7
16.Rac1 Qb8 17.Rfd1 Rfd8 18.Kh1 Rc5 19.Ne3 Ne8 20.g3 Rcc8 21.Qe1 Bc6 22.Qf2 b5
23.cxb5 axb5 24.b4 Bg5 25.h4 Bxe3 26.Qxe3 d5 27.exd5 exd5 28.Kg2 Nf6 29.Rd4 Re8
30.Qf2 Nf8  0-1

[Event "Anibal op 4th"]
[Site "Linares"]
[Date "1997.??.??"]
[Round "9"]
[White "Dgebuadze, Alexandre"]
[Black "Cifuentes Parada, Roberto"]
[Result "1/2-1/2"]
[WhiteElo "2415"]
[BlackElo "2515"]

1.e4 c5 2.Nf3 e6 3.d4 cxd4 4.Nxd4 Nc6 5.Nb5 d6 6.c4 Nf6 7.N1c3 a6 8.Na3 d5
9.exd5 exd5 10.cxd5 Nb4 11.Be2 Nfxd5 12.Nxd5 Qxd5 13.O-O Be6 14.Bf3 Qxd1
15.Rxd1 Be7 16.Bxb7 Rb8 17.Bf3 Nxa2 18.Bf4 Rxb2 19.Bc6+ Kf8 20.Bf3 f6 21.Bd6 Kf7
22.Bxe7 Kxe7 23.Re1 Kf7 24.Bh5+ g6 25.Be2 Rc8 26.Bxa6 Rc3 27.Re3 Rxe3 28.fxe3 Nb4
29.Bf1 Ba2 30.Nb5 Ke6 31.Nc3 Ke5 32.Nxa2 Nxa2 33.Bc4 Nc3 34.Ra7 Rb1+ 35.Bf1 Nd5
36.Ra3 Rc1 37.Rd3 Nc3 38.Rd7 Nd1 39.Be2 Nc3+ 40.Bf1 h5 41.Re7+ Kd6 42.Re8 Kd7
43.Ra8 Ne4 44.Ra4 f5 45.g3 Re1 46.Rd4+ Ke6 47.Rd3 g5 48.Kg2 h4 49.gxh4 gxh4
50.Kg1 Kf6 51.Kg2 Kg5 52.Kg1 Kg4 53.Kg2 h3+ 54.Kg1 Rc1 55.Rd5 Ra1 56.Rd8 Rc1
57.Rg8+ Kf3 58.Rf8 Nd2 59.Rxf5+ Kxe3 60.Rf2 Re1 61.Re2+ Rxe2 62.Bxe2 Kxe2
63.Kh1 Nf3  1/2-1/2

[Event "Linz op"]
[Site "Linz"]
[Date "1997.??.??"]
[Round "5"]
[White "Szalanczy, Emil"]
[Black "Holzmann, Herbert"]
[Result "1-0"]
[WhiteElo "2410"]
[BlackElo "2215"]

1.e4 c5 2.Nf3 Nc6 3.d4 cxd4 4.Nxd4 e6 5.Nb5 d6 6.Bf4 e5 7.Be3 a6 8.N5c3 Nf6
9.Na3 Rb8 10.Nd5 Nxd5 11.exd5 Ne7 12.b4 Nf5 13.Bd2 Be7 14.Nc4 O-O 15.a4 Bg5
16.a5 e4 17.Ra3 Nh4 18.Rg3 Bxd2+ 19.Qxd2 f5 20.Qf4 Bd7 21.Nb6 Be8 22.Be2 Ng6
23.Qg5 Rf6 24.Rc3 h6 25.Qe3 Rf7 26.O-O Rc7 27.Rxc7 Qxc7 28.c4 Bf7 29.Bh5 Re8
30.Bxg6 Bxg6 31.Qf4 Qd8 32.h3 Rf8 33.Rc1 Bh7 34.c5 dxc5 35.bxc5 Re8 36.c6 bxc6
37.dxc6 g5 38.Qg3 e3 39.c7 Qd2 40.Qxe3 Rxe3 41.c8=Q+ Kf7 42.fxe3  1-0

[Event "SLO-chT"]
[Site "Ljubljana"]
[Date "1997.??.??"]
[Round "?"]
[White "Srebrnic, Vojko"]
[Black "Gostisa, Leon"]
[Result "0-1"]
[WhiteElo "2225"]
[BlackElo "2425"]

1.e4 c5 2.Nf3 e6 3.d4 cxd4 4.Nxd4 Nc6 5.Nb5 d6 6.Bf4 e5 7.Be3 Be6 8.Nd2 Nf6
9.Bg5 a6 10.Nc3 Be7 11.Bxf6 Bxf6 12.Bc4 O-O 13.O-O Rc8 14.Nd5 Bg5 15.Bb3 Nd4
16.c3 Nxb3 17.axb3 f5 18.Re1 Bxd5 19.exd5 e4 20.b4 Qd7 21.Nb3 Qf7 22.Qd4 Rfe8
23.Rad1 Bf6 24.Qd2 Re5 25.f4 exf3 26.Rxe5 Bxe5 27.gxf3 Qh5 28.Rf1 Rc4 29.Rf2 Rf4
30.Qe2 Qf7 31.Qd3 h6 32.Nc1 Rh4 33.Ne2 Rh3 34.Qc4 Kh7 35.f4 Rh4 36.Qd3 Qg6+
37.Kf1 Bf6 38.Ng3 Rg4 39.Rf3 Bh4 40.Ke2 Bxg3 41.hxg3 h5 42.Qe3 h4 43.gxh4 Rxh4
44.c4 Qf6 45.Qc3 Rh2+ 46.Rf2 Qh4 47.Qf3 Rh3 48.Qg2 Rb3 49.Kd1 Rxb4 50.Qf1 Rxc4  0-1

[Event "Ljubljana op"]
[Site "Ljubljana"]
[Date "1997.??.??"]
[Round "7"]
[White "Ipavec, Petra"]
[Black "Susnik, Matej"]
[Result "0-1"]
[WhiteElo "2065"]
[BlackElo "2235"]

1.e4 c5 2.Nf3 e6 3.d4 cxd4 4.Nxd4 Nc6 5.Nb5 d6 6.c4 Nf6 7.N1c3 a6 8.Na3 Be7
9.Be2 O-O 10.O-O b6 11.Be3 Ne5 12.Qb3 Ned7 13.Rfd1 Qc7 14.f3 Nc5 15.Qc2 Bb7
16.Rac1 Rac8 17.Bf1 Qb8 18.Qf2 Bd8 19.Kh1 Bc7 20.Qh4 Ncd7 21.Nc2 Ne5 22.Qf2 Ned7
23.Qh4 Kh8 24.Nd4 Rg8 25.b3 Bd8 26.Bg5 Re8 27.Bd3 Ne5 28.Bb1 h6 29.Qh3 Nfg4
30.Bh4 Nf6 31.Re1 Ng6 32.Bg3 Nh7 33.f4 e5 34.fxe5 Nxe5 35.Qf5 Bg5 36.Rcd1 b5
37.Nd5 bxc4 38.Nb6 Rcd8 39.Nxc4 Bc8 40.Qf1 Bg4 41.Nf3 Bf6 42.Ncxe5 dxe5 43.Qxa6 Ng5
44.Qf1 Rxd1 45.Rxd1 Qb4 46.Be1 Qb7 47.Rd5 Be6 48.Rb5 Qc6 49.Nxg5 Bxg5 50.h4 Bf4
51.Bf2 Rc8 52.g3 Qc1 53.Bd3 Bd2 54.Qxc1 Rxc1+ 55.Kg2 Rc3 56.Bf1 Rc2 57.Kf3 h5
58.g4 Bxg4+ 59.Kg3 Bf4+ 60.Kg2 Be3  0-1

[Event "SLO-ch qual"]
[Site "Maribor"]
[Date "1997.??.??"]
[Round "5"]
[White "Srebrnic, Vojko"]
[Black "Simic, Dragan"]
[Result "1/2-1/2"]
[WhiteElo "2230"]
[BlackElo "2305"]

1.e4 c5 2.Nf3 e6 3.d4 cxd4 4.Nxd4 Nc6 5.Nb5 Nf6 6.N1c3 Bb4 7.a3 Bxc3+ 8.Nxc3 d5
9.exd5 exd5 10.Bg5 d4 11.Bxf6 Qxf6 12.Nd5 Qd6 13.Qf3 O-O 14.O-O-O Rd8 15.Nf4 Bf5
16.Bd3 Ne5 17.Qg3 Nxd3+ 18.Nxd3 Qc6 19.Rhe1 Rac8 20.Rd2 Qc4 21.Kb1 b5 22.Qf3 Be6
23.Nc1 b4 24.Qd3 Qxd3 25.Nxd3 bxa3 26.b3 a5 27.Re5 a4 28.bxa4 g6 29.Rb5 Rc4
30.a5 Ra8 31.Nc5 Bd5 32.Nb3 Bc6 33.Rb6 Bxg2 34.Ka2 Ra4 35.Rd6 Bf1 36.R6xd4 Bc4
37.Rd8+ Rxd8 38.Rxd8+ Kg7 39.Rc8 Bxb3+ 40.cxb3 Rxa5 41.Rc3 Rh5 42.h3 Rf5
43.b4 Rxf2+ 44.Kxa3 Rd2 45.b5 Rd8 46.Kb4 g5 47.b6 h5 48.Kc5 g4 49.hxg4 hxg4
50.b7 f5 51.Rb3 Rb8 52.Kd4 Kf6 53.Ke3 Kg5 54.Rb5  1/2-1/2

[Event "SLO-ch qual"]
[Site "Maribor"]
[Date "1997.??.??"]
[Round "7"]
[White "Podkriznik, Gregor"]
[Black "Susnik, Matej"]
[Result "1/2-1/2"]
[WhiteElo "2240"]
[BlackElo "2235"]

1.e4 c5 2.Nf3 Nc6 3.d4 cxd4 4.Nxd4 e6 5.Nb5 d6 6.c4 Nf6 7.N1c3 a6 8.Na3 Be7
9.Be2 O-O 10.O-O b6 11.Be3 Ne5 12.f4 Ned7 13.Bf3 Bb7 14.Qe2 Qc7 15.Rad1 Rac8
16.Rc1 Qb8 17.Bf2 Rfe8 18.Rfe1 Qa8 19.Nab1 Bc6 20.b3 h6 21.a4 a5 22.Nd2 Bb7
23.Kh1 Nc5 24.Bg3 Nfd7 25.Rb1 Na6 26.Nb5 Nb4 27.Red1 Nc5 28.Nc3 Nc6 29.Bf2 Nb4
30.Bg3 Nc6 31.Bf2 Nb4  1/2-1/2

[Event "CRO-chT"]
[Site "Medulin"]
[Date "1997.??.??"]
[Round "?"]
[White "Ascic, Pero"]
[Black "Zelic, Zdravko"]
[Result "1/2-1/2"]
[WhiteElo "2315"]
[BlackElo "2365"]

1.e4 c5 2.Nf3 e6 3.d4 cxd4 4.Nxd4 Nc6 5.Nb5 d6 6.c4 a6 7.Nd4 Nf6 8.Nc3 Be7
9.Be2 O-O 10.O-O Qc7 11.Be3 Ne5 12.Rc1 b6 13.f4 Ned7 14.Bf3 Bb7 15.Qe2 Rfe8
16.Bf2 Bf8 17.Nb3 Rac8 18.Nd2 g6 19.g4 Nb8 20.a3 Nfd7 21.b4 Nc6 22.Kg2 Bg7
23.Qd3 Ne7 24.Rfd1 g5 25.fxg5 Ng6 26.Ne2  1/2-1/2

[Event "Mondariz op"]
[Site "Mondariz"]
[Date "1997.??.??"]
[Round "?"]
[White "Sion Castro, Marcelino"]
[Black "Paunovic, Dragan"]
[Result "0-1"]
[WhiteElo "2435"]
[BlackElo "2470"]

1.e4 c5 2.Nf3 e6 3.d4 cxd4 4.Nxd4 Nc6 5.Nb5 d6 6.Bf4 e5 7.Be3 Be6 8.Nd2 a6
9.Nc3 Nf6 10.Nc4 Be7 11.Nb6 Rb8 12.Nbd5 O-O 13.Nxf6+ Bxf6 14.Nd5 Bxd5 15.Qxd5 Bg5
16.Bxg5 Qxg5 17.Qd2 Qg6 18.f3 Qe6 19.b3 b5 20.Bd3 Rfd8 21.O-O d5 22.exd5 Qxd5
23.Qg5 h6 24.Qh5 Nd4 25.Rae1 Nxc2 26.Bxc2 Qc5+ 27.Kh1 Qxc2 28.Qxe5 Qxa2 29.b4 Qc4
30.Qe7 Rd4 31.Qa7 Rbd8 32.Rb1 Qd3 33.h3 Rxb4  0-1

[Event "Mondariz op"]
[Site "Mondariz"]
[Date "1997.??.??"]
[Round "?"]
[White "Korneev, Oleg"]
[Black "Paunovic, Dragan"]
[Result "1/2-1/2"]
[WhiteElo "2565"]
[BlackElo "2470"]

1.e4 c5 2.Nf3 e6 3.d4 cxd4 4.Nxd4 Nc6 5.Nb5 d6 6.Bf4 e5 7.Be3 Be6 8.Nd2 a6
9.Nc3 Nf6 10.Bg5 Be7 11.Nc4 Nd4 12.Ne3 Rc8 13.Bd3 O-O 14.O-O h6 15.Bxf6 Bxf6
16.Ncd5 Bg5 17.c3 Nc6 18.Bc2 Bxe3 19.Nxe3 Na5 20.Bb3 Nxb3 21.axb3 Qb6 22.b4 Qc6
23.Qd3 Bc4 24.Nxc4 Qxc4 25.Rfd1 Qxd3 26.Rxd3 Rfd8 27.Rad1 Rc6 28.h4 Kf8 29.h5 Ke7
30.f3 Ke6 31.g4 g6 32.hxg6 fxg6 33.Kf2 Rh8 34.R3d2 h5 35.gxh5 Rxh5 36.Kg3 Ke7
37.Kg4 b5 38.b3 Rxc3 39.Rxd6 Rh2 40.Rd7+ Ke8 41.Rd8+ Ke7 42.R1d7+ Kf6 43.Rd6+ Kg7
44.R6d7+ Kf6 45.Rf8+ Ke6 46.Rdd8 Rc7 47.Rde8+ Re7 48.Ra8 Reh7 49.Rfe8+ Kf7
50.Rxe5 R7h4+ 51.Kg3 R4h3+ 52.Kg4 Rh4+ 53.Kg3 R4h3+ 54.Kf4 Rf2 55.Ra7+ Kf8
56.Rc5 Rfxf3+ 57.Ke5 Rf7 58.Rc8+ Kg7 59.Rxf7+ Kxf7 60.Rc7+ Kf8 61.Ra7 Rxb3
62.Kf6 Rf3+ 63.Ke6 Rb3 64.e5 Rxb4 65.Rxa6 Re4 66.Kf6 Rf4+ 67.Kxg6 Ke7 68.Rb6 Rf1
69.Rxb5  1/2-1/2

[Event "FIN-ch op"]
[Site "Naan"]
[Date "1997.??.??"]
[Round "?"]
[White "Nokso Koivisto, Antti"]
[Black "Kiik, Kalle"]
[Result "1/2-1/2"]
[WhiteElo "2215"]
[BlackElo "2380"]

1.e4 c5 2.Nf3 e6 3.d4 cxd4 4.Nxd4 Nc6 5.Nb5 d6 6.c4 Nf6 7.N1c3 a6 8.Na3 Be7
9.Be2 b6 10.O-O Bb7 11.Be3 Nb8 12.f3 Nbd7 13.Rc1 O-O 14.Qd2 Rc8 15.Rfd1 Qc7
16.Bf1 Qb8 17.Nc2 Bd8 18.Nd4 Bc7 19.g3 Rfe8 20.Bf2 h6 21.b3 Kh8 22.Bg2 Qa8
23.Nc2 Rcd8 24.Ne3 Rg8 25.a4 Ne5 26.Qc2 g5 27.h3 h5 28.g4 hxg4 29.Nxg4 Nfxg4
30.fxg4 f6 31.Bd4 Rdf8 32.Rf1 Qd8 33.Ne2 Rf7 34.Rf2 Rgf8 35.Rcf1 d5 36.exd5 exd5
37.Qc3 Qd6  1/2-1/2

[Event "JUG-chT"]
[Site "Niksic"]
[Date "1997.??.??"]
[Round "5"]
[White "Cabrilo, Goran"]
[Black "Rajkovic, Dusan"]
[Result "1/2-1/2"]
[WhiteElo "2485"]
[BlackElo "2465"]

1.e4 c5 2.Nf3 e6 3.d4 cxd4 4.Nxd4 Nc6 5.Nb5 d6 6.c4 Nf6 7.N1c3 a6 8.Na3 b6
9.Be2 Bb7 10.O-O Be7 11.Be3 Nb8 12.f3 Nbd7 13.Qd2 O-O 14.Rfd1 Qc7 15.Rac1 Rac8
16.Bf1  1/2-1/2

[Event "JUG-chT"]
[Site "Niksic"]
[Date "1997.??.??"]
[Round "6"]
[White "Marjanovic, Miroslav"]
[Black "Vratonjic, Slobodan"]
[Result "1/2-1/2"]
[WhiteElo "2110"]
[BlackElo "2435"]

1.e4 c5 2.Nf3 e6 3.d4 cxd4 4.Nxd4 Nc6 5.Nb5 d6 6.Bf4 e5 7.Be3 a6 8.N5c3 Be6
9.Nd2 Nf6 10.Bg5 Be7 11.Nc4 O-O 12.Bxf6 Bxf6 13.Qxd6 Qxd6 14.Nxd6 b5 15.Bd3 g6
16.a4 Be7 17.axb5 Nd4 18.Nb7 axb5 19.O-O Rfb8 20.Nd5 Bxd5 21.Rxa8 Rxa8 22.exd5 Ra7
23.d6 Rxb7 24.dxe7 Rxe7 25.Re1 b4 26.f4 Nc6 27.fxe5 Rxe5 28.Kf2 Rxe1 29.Kxe1 Kg7
30.Kd2 Kf6 31.Bc4 Ne5 32.Be2 Ke6 33.c3 bxc3+ 34.Kxc3 Kd5 35.b4 f5 36.b5 Kc5
37.b6 Kxb6 38.Kd4 Nc6+ 39.Kd5 g5 40.Bh5 Kc7 41.Ke6 Kd8 42.Kxf5 h6 43.Kf6 Kd7
44.Bf3 Nd4 45.Be4 Kd6 46.g3 Ne6 47.Bf5 Nd4 48.Bg4 Nc6 49.Bf3 Ne5 50.Be2 Nd7+
51.Kg6 Ke7 52.Kxh6 Kf6 53.Bg4 Ne5 54.h3 Nf7+ 55.Kh5  1/2-1/2

[Event "JUG-chT (Women)"]
[Site "Niksic"]
[Date "1997.??.??"]
[Round "6"]
[White "Nikolin, Zorica"]
[Black "Todorovic, Violeta"]
[Result "1/2-1/2"]
[WhiteElo "2270"]
[BlackElo "2120"]

1.e4 c5 2.Nf3 e6 3.d4 cxd4 4.Nxd4 Nc6 5.Nb5 d6 6.c4 a6 7.N5c3 Nf6 8.Be2 b6
9.f4 Bb7 10.Bf3 Qc7 11.Be3 Nb8 12.Qe2 Nbd7 13.Nd2 Be7 14.g4 h6 15.h4 Bc6
16.Qg2 Nh7 17.g5 O-O-O 18.Rc1 Nc5 19.Qe2 hxg5 20.hxg5 e5 21.Nd5 Bxd5 22.cxd5 exf4
23.Bxc5 dxc5 24.Qxa6+ Kb8 25.d6 Qxd6 26.Nc4 Qc6 27.Qxb6+ Qxb6 28.Nxb6 Nxg5
29.Rxh8 Nxf3+ 30.Kf2 Rxh8 31.Kxf3 Kb7 32.Nd5 Bd6 33.Nxf4 g5 34.Nd5 Rh2 35.b3 Rxa2
36.Rg1 Ra3 37.Rxg5 Rxb3+ 38.Ke2 Kc6 39.Rf5 Rb2+ 40.Ke3 Rb3+ 41.Kd2 Rb7 42.Kc3 Bg3
43.Kc4 Kd6 44.Rg5 Be5 45.Rg8 Bd4 46.Rd8+ Rd7 47.Rxd7+ Kxd7 48.Nf4 Kc6 49.Nd3 Kd6
50.Kb5 Ke6 51.Kc4  1/2-1/2

[Event "CZE-ch op"]
[Site "Nymburk"]
[Date "1997.??.??"]
[Round "?"]
[White "Rehak, Martin"]
[Black "Michalek, Jan"]
[Result "0-1"]
[WhiteElo "2230"]
[BlackElo "2275"]

1.e4 c5 2.Nf3 Nc6 3.d4 cxd4 4.Nxd4 e6 5.Nb5 d6 6.c4 Nf6 7.N1c3 a6 8.Nd4 Be7
9.Be2 O-O 10.O-O Bd7 11.Be3 Rc8 12.b3 Qa5 13.Qd2 Nxd4 14.Bxd4 b5 15.f3 bxc4
16.Bxc4 d5 17.exd5 exd5 18.Be2 Rfe8 19.Rac1 Ba3 20.Rc2 Bc5 21.Kf2 Re6 22.Rfc1 Rec6
23.Kf1 Bf5 24.Bxc5 Rxc5 25.a3 Qxa3 26.Nb1 Qxc1+ 27.Rxc1 Rxc1+ 28.Kf2 Bxb1
29.Kg3 R1c3 30.Qb2 Rc2 31.Qxb1 Rxe2 32.Qd3 Rcc2 33.Qxa6 Rxg2+ 34.Kf4 Rce2
35.Kf5 g6+  0-1

[Event "RUS-chT"]
[Site "Orel"]
[Date "1997.??.??"]
[Round "?"]
[White "Isupov, Vladimir"]
[Black "Fominyh, Alexander"]
[Result "1/2-1/2"]
[WhiteElo "2375"]
[BlackElo "2545"]

1.e4 c5 2.Nf3 Nc6 3.d4 cxd4 4.Nxd4 e6 5.Nb5 d6 6.c4 Nf6 7.N1c3 a6 8.Na3 Be7
9.Be2 b6 10.O-O Bb7 11.Be3 O-O 12.Qb3 Nd7 13.Rad1 Nc5 14.Qc2 Qc7 15.Nab1 Nb4
16.Qd2 Rad8 17.Bf4 Kh8 18.b3 Nc6 19.Bg3 Ne5 20.f4 Ng6 21.Qc2 Qc6 22.Nd2 f5
23.Bf3 Nh4 24.exf5 Nxf3+ 25.Nxf3 exf5 26.b4 Nd7 27.Nd5 Bf6  1/2-1/2